[Event "ROM-chT"]
[Site "Mamaia"]
[Date "2019.09.22"]
[Round "2.3"]
[White "Stoleriu, George"]
[Black "Zubac, Marius"]
[Result "1-0"]
[WhiteElo "2351"]
[BlackElo "2135"]
[PlyCount "71"]
[EventDate "2019.09.21"]
[EventType "team-tourn"]
[EventRounds "9"]
[EventCountry "ROU"]
[SourceTitle "EXT 2020"]
[Source "ChessBase"]
[SourceDate "2019.10.17"]
[SourceVersion "1"]
[SourceVersionDate "2019.10.17"]
[SourceQuality "1"]
[WhiteTeam "Arad Acs Vados"]
[BlackTeam "Cluj Napoca"]
[WhiteTeamCountry "ROU"]
[BlackTeamCountry "ROU"]

1. e4 c5 2. Nc3 Nc6 3. Bb5 g6 4. f4 e5 5. fxe5 Bg7 6. Nf3 Nge7 7. d3 0-0 8. Bg5 Nxe5 9. Nxe5 Bxe5 10. 0-0 a6 11. Bc4 b5 12. Nd5 Nxd5 13. Bxd8 Ne3 14. Qf3 bxc4 15. Be7 Nxf1 16. Rxf1 Bb7 17. Bxf8 Rxf8 18. Qg4 cxd3 19. cxd3 Bc6 20. b3 Bb5 21. Rf3 Kg7 22. Qh4 f6 23. Rh3 h5 24. g4 Rh8 25. g5 Rf8 26. gxf6+ Rxf6 27. Kg2 d6 28. a4 Bd7 29. Rf3 Rxf3 30. Kxf3 Bg4+ 31. Kg2 Bd1 32. Qh3 a5 33. Qd7+ Kh6 34. Qd8 Bc2 35. Qxa5 Bxd3 36. Qd2+ 1-0

[Event "Romanian op"]
[Site "Alba Iulia"]
[Date "2017.11.24"]
[Round "7"]
[White "Nester, Ihor"]
[Black "Zubac, Marius"]
[Result "1-0"]
[WhiteElo "2353"]
[BlackElo "2151"]
[PlyCount "95"]
[EventDate "2017.11.20"]
[EventType "swiss"]
[EventRounds "9"]
[EventCountry "ROU"]
[SourceTitle "CBM 181 Extra"]
[Source "ChessBase"]
[SourceDate "2017.12.12"]
[SourceVersion "1"]
[SourceVersionDate "2017.12.12"]
[SourceQuality "1"]

1. Nf3 g6 2. c4 Bg7 3. e4 d6 4. d4 Nf6 5. Nc3 0-0 6. Be2 c5 7. d5 e6 8. dxe6 fxe6 9. e5 dxe5 10. Qxd8 Rxd8 11. Nxe5 Nbd7 12. Nd3 e5 13. Be3 b6 14. Bf3 Rb8 15. 0-0-0 Ba6 16. b3 Re8 17. Nb2 Bb7 18. Bxb7 Rxb7 19. Nb5 Re6 20. Rhe1 Kf8 21. Nd6 Rc7 22. Bg5 h6 23. Bxf6 Nxf6 24. Ne4 Ke7 25. Na4 Nxe4 26. Rxe4 Rd7 27. Rxd7+ Kxd7 28. Nc3 Rf6 29. Re2 Rf4 30. f3 g5 31. h3 h5 32. Re4 Ke6 33. Rxf4 exf4 34. Nb5 a6 35. Nc7+ Kf5 36. Nxa6 g4 37. hxg4+ hxg4 38. Nc7 gxf3 39. gxf3 Bf6 40. Nd5 Bd8 41. Kb2 Ke5 42. a4 Kf5 43. Kc2 Ke5 44. Kc3 Kf5 45. b4 Ke5 46. b5 Kf5 47. a5 bxa5 48. b6 1-0

[Event "Romanian op"]
[Site "Alba Iulia"]
[Date "2017.11.21"]
[Round "2"]
[White "Martinovici, Ilie"]
[Black "Zubac, Marius"]
[Result "1-0"]
[WhiteElo "2338"]
[BlackElo "2151"]
[PlyCount "69"]
[EventDate "2017.11.20"]
[EventType "swiss"]
[EventRounds "9"]
[EventCountry "ROU"]
[SourceTitle "CBM 181 Extra"]
[Source "ChessBase"]
[SourceDate "2017.12.12"]
[SourceVersion "1"]
[SourceVersionDate "2017.12.12"]
[SourceQuality "1"]

1. d4 f5 2. Nc3 Nf6 3. Bg5 e6 4. e4 fxe4 5. Nxe4 Be7 6. Bxf6 Bxf6 7. Nf3 0-0 8. Bd3 Nc6 9. c3 d5 10. Nxf6+ Qxf6 11. Qe2 Bd7 12. Bb5 a6 13. Bxc6 Bxc6 14. a4 b5 15. Ne5 Be8 16. b3 bxa4 17. bxa4 Rb8 18. 0-0 a5 19. Nd3 Rb6 20. Nc5 Qf5 21. Rfe1 Rf6 22. f3 h5 23. Qf2 Rg6 24. Ra2 Rb1 25. Rae2 Rxe1+ 26. Rxe1 h4 27. Re5 Qb1+ 28. Qe1 Qxe1+ 29. Rxe1 h3 30. g4 Kf7 31. Kf2 Ke7 32. Kg3 Kd6 33. f4 Bd7 34. g5 Bc8 35. Re5 1-0

[Event "Arad op 9th"]
[Site "Arad"]
[Date "2016.08.11"]
[Round "8"]
[White "Zubac, Marius"]
[Black "Bogdan, Dan"]
[Result "1/2-1/2"]
[WhiteElo "2154"]
[BlackElo "2407"]
[PlyCount "97"]
[EventDate "2016.08.06"]
[EventType "swiss"]
[EventRounds "9"]
[EventCountry "ROU"]
[SourceTitle "CBM 173 Extra"]
[Source "ChessBase"]
[SourceDate "2016.08.29"]
[SourceVersion "1"]
[SourceVersionDate "2016.08.29"]
[SourceQuality "1"]

1. d4 g6 2. c4 Bg7 3. e4 d6 4. Nc3 c6 5. Be3 a6 6. Qd2 Nd7 7. Rd1 Ngf6 8. Be2 Qc7 9. f4 0-0 10. e5 Ne8 11. Nf3 e6 12. h4 c5 13. exd6 Nxd6 14. dxc5 Nf5 15. Bf2 Nxc5 16. g4 Bxc3 17. Qxc3 Ne4 18. Qe5 Qxe5 19. fxe5 Nxf2 20. Kxf2 Ne7 21. g5 b5 22. Rd2 bxc4 23. Bxc4 Rb8 24. b3 Bb7 25. Rd7 Nf5 26. h5 gxh5 27. Rxh5 Rfd8 28. Rxd8+ Rxd8 29. a4 a5 30. Rh3 Kg7 31. Nh4 Rd2+ 32. Ke1 Rd4 33. Nxf5+ exf5 34. Rh6 Bd5 35. Ra6 Bxc4 36. bxc4 Rxc4 37. Rxa5 Kg6 38. Ra7 Re4+ 39. Kf2 Rxe5 40. Kf3 Re4 41. a5 Ra4 42. a6 Kxg5 43. Rxf7 Ra3+ 44. Kg2 Rxa6 45. Rxh7 Kg4 46. Rb7 Ra2+ 47. Kf1 f4 48. Rb3 f3 49. Rb8 1/2-1/2

[Event "Arad op 9th"]
[Site "Arad"]
[Date "2016.08.10"]
[Round "7"]
[White "Ganaus, Hannes"]
[Black "Zubac, Marius"]
[Result "1/2-1/2"]
[WhiteElo "2303"]
[BlackElo "2154"]
[PlyCount "119"]
[EventDate "2016.08.06"]
[EventType "swiss"]
[EventRounds "9"]
[EventCountry "ROU"]
[SourceTitle "CBM 173 Extra"]
[Source "ChessBase"]
[SourceDate "2016.08.29"]
[SourceVersion "1"]
[SourceVersionDate "2016.08.29"]
[SourceQuality "1"]

1. Nf3 d5 2. d4 e6 3. Bf4 c5 4. e3 Qb6 5. Qc1 Nc6 6. c3 Nf6 7. h3 Bd7 8. Nbd2 Rc8 9. Be2 Be7 10. 0-0 0-0 11. Qb1 h6 12. Re1 Rfe8 13. Bd3 Bd8 14. g4 Bc7 15. Ne5 Re7 16. Bg3 Be8 17. f4 Nd7 18. Kh2 Nf8 19. Bc2 f6 20. Nd3 c4 21. Nf2 e5 22. b4 Bd7 23. a4 Nd8 24. a5 Qe6 25. dxe5 fxe5 26. f5 Qf7 27. e4 Bb5 28. exd5 Qxd5 29. Nde4 Nd7 30. Qb2 Nf7 31. Rad1 Qc6 32. h4 b6 33. a6 Bxa6 34. g5 hxg5 35. hxg5 b5 36. Ng4 Bb7 37. Bb1 Ree8 38. f6 g6 39. Qe2 Ba8 40. Ne3 Nf8 41. Qg4 Rcd8 42. Qh3 Rxd1 43. Rxd1 Rd8 44. Rxd8 Bxd8 45. Ng4 Qd7 46. Nh6+ Nxh6 47. Qxh6 Qh7 48. Qxh7+ Nxh7 49. Bxe5 Bxe4 50. Bxe4 Nxg5 51. Bd5+ Nf7 52. Kg3 a5 53. bxa5 Bxa5 54. Kf4 Kf8 55. Bd4 Bc7+ 56. Ke3 Bd6 57. Bc6 b4 58. Bd5 bxc3 59. Bxc3 Be5 60. Bxf7 1/2-1/2

[Event "Arad op 9th"]
[Site "Arad"]
[Date "2016.08.10"]
[Round "6"]
[White "Zubac, Marius"]
[Black "Apostu, Elvis Alin"]
[Result "1-0"]
[WhiteElo "2154"]
[BlackElo "1911"]
[PlyCount "81"]
[EventDate "2016.08.06"]
[EventType "swiss"]
[EventRounds "9"]
[EventCountry "ROU"]
[SourceTitle "CBM 173 Extra"]
[Source "ChessBase"]
[SourceDate "2016.08.29"]
[SourceVersion "1"]
[SourceVersionDate "2016.08.29"]
[SourceQuality "1"]

1. d4 Nf6 2. c4 c5 3. d5 b5 4. cxb5 a6 5. b6 Bb7 6. Nc3 d6 7. a4 Qxb6 8. a5 Qc7 9. e4 Nbd7 10. f4 g6 11. Nf3 Bg7 12. Bc4 0-0 13. 0-0 Kh8 14. Re1 Rfe8 15. Ng5 h6 16. Nxf7+ Kg8 17. Ne5 Nxe5 18. fxe5 Nd7 19. e6 Ne5 20. Qe2 Rf8 21. Be3 Bc8 22. Ra2 Kh7 23. h3 Rb8 24. Rf1 Rxf1+ 25. Qxf1 Rb4 26. Be2 Qb7 27. Qc1 Qb8 28. g3 Qb7 29. Kg2 Qb8 30. Qc2 Qb7 31. Bc1 Qb8 32. Na4 Qc7 33. Nb6 Bb7 34. Bd2 Rb5 35. b3 Kg8 36. Bc3 Kh7 37. Bxe5 Bxe5 38. Bxb5 axb5 39. Nd7 Bd4 40. a6 Ba8 41. Qd3 1-0

[Event "ROM-chT2"]
[Site "Olanesti"]
[Date "2013.10.19"]
[Round "8.4"]
[White "Gilea, Lucian"]
[Black "Zubac, Marius"]
[Result "1/2-1/2"]
[WhiteElo "2262"]
[BlackElo "2168"]
[PlyCount "50"]
[EventDate "2013.10.12"]
[EventType "team-tourn"]
[EventRounds "9"]
[EventCountry "ROU"]
[SourceTitle "EXT 2014"]
[Source "ChessBase"]
[SourceDate "2013.11.20"]
[SourceVersion "1"]
[SourceVersionDate "2013.11.20"]
[SourceQuality "1"]
[WhiteTeam "Galati CC"]
[BlackTeam "Cluj Napoca"]
[WhiteTeamCountry "ROU"]
[BlackTeamCountry "ROU"]

1. d4 g6 2. c4 Bg7 3. e4 d6 4. Nc3 e5 5. dxe5 dxe5 6. Qxd8+ Kxd8 7. Bg5+ f6 8. 0-0-0+ Bd7 9. Be3 Kc8 10. a3 f5 11. exf5 gxf5 12. Nf3 Nc6 13. g3 Nf6 14. b4 Ng4 15. b5 Na5 16. Nd5 Re8 17. h3 Nxe3 18. Nxe3 c6 19. g4 f4 20. Nf5 e4 21. Ng5 Nb3+ 22. Kb1 Nd4 23. h4 Kc7 24. Bh3 Rad8 25. Ne6+ Nxe6 1/2-1/2

[Event "LSS WC-2013-S-00001"]
[Site "LSS email"]
[Date "2010.07.20"]
[Round "?"]
[White "Zubac, Marius"]
[Black "Baranowski, Tadeusz"]
[Result "0-1"]
[WhiteElo "2173"]
[BlackElo "2288"]
[PlyCount "20"]
[EventDate "2010.07.25"]
[EventType "tourn (corr)"]
[EventRounds "10"]
[EventCountry "GER"]
[SourceTitle "Corr 2015"]
[Source "ChessBase"]
[SourceDate "2015.07.17"]
[SourceVersion "1"]
[SourceVersionDate "2015.07.17"]
[SourceQuality "1"]

1. d4 Nf6 2. c4 e6 3. g3 c5 4. d5 exd5 5. cxd5 b5 6. Nf3 Bb7 7. Bg5 Qa5+ 8. Nbd2 Nxd5 9. e4 Nb6 10. Be2 h6 0-1

[Event "LSS WC-2013-S-00001"]
[Site "LSS email"]
[Date "2010.07.20"]
[Round "?"]
[White "Zubac, Marius"]
[Black "Bendig, Frank"]
[Result "0-1"]
[WhiteElo "2173"]
[BlackElo "2143"]
[PlyCount "22"]
[EventDate "2010.07.25"]
[EventType "tourn (corr)"]
[EventRounds "10"]
[EventCountry "GER"]
[SourceTitle "Corr 2015"]
[Source "ChessBase"]
[SourceDate "2015.07.17"]
[SourceVersion "1"]
[SourceVersionDate "2015.07.17"]
[SourceQuality "1"]

1. d4 Nf6 2. c4 g6 3. g3 Bg7 4. Bg2 c5 5. d5 d6 6. Nc3 0-0 7. Nf3 Na6 8. 0-0 Nc7 9. a4 e5 10. dxe6 Nxe6 11. a5 a6 0-1

[Event "LSS WC-2011-T-00005"]
[Site "LSS email"]
[Date "2010.06.10"]
[Round "?"]
[White "Mueller, Klaus Detlef"]
[Black "Zubac, Marius"]
[Result "1-0"]
[WhiteElo "2376"]
[BlackElo "2156"]
[PlyCount "39"]
[EventDate "2010.06.15"]
[EventType "tourn (corr)"]
[EventRounds "10"]
[EventCountry "GER"]
[SourceTitle "Telechess CBM 143"]
[Source "ChessBase"]
[SourceDate "2011.07.15"]
[SourceVersion "1"]
[SourceVersionDate "2011.07.15"]
[SourceQuality "1"]

1. d4 e6 2. e4 d5 3. Nd2 c5 4. exd5 exd5 5. Ngf3 Nc6 6. Bb5 Bd6 7. dxc5 Bxc5 8. 0-0 Nge7 9. Nb3 Bd6 10. Re1 0-0 11. Bd3 h6 12. h3 Nf5 13. c3 Qf6 14. Bc2 Rd8 15. Qd3 g6 16. Bd2 a5 17. a4 b6 18. Qe2 Ba6 19. Qd1 Re8 20. Bxf5 1-0

[Event "LSS WC-2011-T-00005"]
[Site "LSS email"]
[Date "2010.06.10"]
[Round "?"]
[White "Rocca, Horacio Daniel"]
[Black "Zubac, Marius"]
[Result "1-0"]
[WhiteElo "2445"]
[BlackElo "2156"]
[PlyCount "29"]
[EventDate "2010.06.15"]
[EventType "tourn (corr)"]
[EventRounds "10"]
[EventCountry "GER"]
[SourceTitle "Corr 2015"]
[Source "ChessBase"]
[SourceDate "2015.07.17"]
[SourceVersion "1"]
[SourceVersionDate "2015.07.17"]
[SourceQuality "1"]

1. e4 e6 2. d4 d5 3. Nc3 Bb4 4. e5 c5 5. a3 Bxc3+ 6. bxc3 Ne7 7. Qg4 Qc7 8. Qxg7 Rg8 9. Qxh7 cxd4 10. Ne2 Nbc6 11. f4 Bd7 12. Qd3 dxc3 13. Qxc3 Nf5 14. Rb1 0-0-0 15. Rg1 1-0

[Event "LSS WC-2011-T-00005"]
[Site "LSS email"]
[Date "2010.06.10"]
[Round "?"]
[White "Zubac, Marius"]
[Black "Calugaru, Viorel"]
[Result "0-1"]
[WhiteElo "2156"]
[BlackElo "2354"]
[PlyCount "24"]
[EventDate "2010.06.15"]
[EventType "tourn (corr)"]
[EventRounds "10"]
[EventCountry "GER"]
[SourceTitle "Corr 2015"]
[Source "ChessBase"]
[SourceDate "2015.07.17"]
[SourceVersion "1"]
[SourceVersionDate "2015.07.17"]
[SourceQuality "1"]

1. d4 Nf6 2. c4 e6 3. Nf3 b6 4. Nc3 Bb4 5. Bg5 h6 6. Bh4 Bb7 7. Nd2 0-0 8. e3 Be7 9. Bd3 c5 10. dxc5 bxc5 11. 0-0 Nc6 12. Be2 Rb8 0-1

[Event "LSS WC-2011-T-00005"]
[Site "LSS email"]
[Date "2010.06.10"]
[Round "?"]
[White "Zubac, Marius"]
[Black "Kovacs, Arthur"]
[Result "0-1"]
[WhiteElo "2156"]
[BlackElo "2355"]
[PlyCount "32"]
[EventDate "2010.06.15"]
[EventType "tourn (corr)"]
[EventRounds "10"]
[EventCountry "GER"]
[SourceTitle "Corr 2015"]
[Source "ChessBase"]
[SourceDate "2015.07.17"]
[SourceVersion "1"]
[SourceVersionDate "2015.07.17"]
[SourceQuality "1"]

1. d4 Nf6 2. c4 e6 3. Nf3 d5 4. g3 Be7 5. Bg2 0-0 6. 0-0 dxc4 7. Ne5 Nc6 8. Bxc6 bxc6 9. Nxc6 Qe8 10. Nxe7+ Qxe7 11. Qa4 e5 12. dxe5 Qxe5 13. Nc3 Ne4 14. Qxc4 Nxc3 15. bxc3 Be6 16. Qd3 Rfd8 0-1